Normal view
MARC view
Entry Personal Name
001 - CONTROL NUMBER
- control field: 47005
003 - CONTROL NUMBER IDENTIFIER
- control field: dpl
005 - DATE AND TIME OF LATEST TRANSACTION
- control field: 20120512164408.0
008 - FIXED-LENGTH DATA ELEMENTS
- fixed length control field: 120512|||a|||||| | ||| d
040 ## - CATALOGING SOURCE
- Original cataloging agency: dpl
- Transcribing agency: dpl
100 ## - HEADING--PERSONAL NAME
- Personal name: जैन, पी.सी.
670 ## - SOURCE DATA FOUND
- Source citation: Work cat.: (dpl): जैन, पी.सी., हिन्दी प्रयोग एक शैक्षिक व्याकरण /, 2002
670 ## - SOURCE DATA FOUND
- Source citation: Work cat.: (dpl): जैन, पी.सी., हिन्दी प्रयोग एक शैक्षिक व्याकरण /, 2002
